000 01159aab a2200241 i 4500
001 768714001
003 CO-MdFUSB
005 20240703171752.0
008 240703t1994 sz ||||| |||| 00| 0 eng d
040 _bspa
_cCO-MdFUSB
041 _aeng
100 1 _aGordon, J. Dorcas
_eautor
245 1 3 _aThe richness of cultures :
_bhow it enriches our faith
_c/ J. Dorcas Gordon
520 _aNuestra fe se enriquece cuando tiene lugar un diálogo auténtico entre diferentes perspectivas de fe dentro del cristianismo, y particularmente cuando este diálogo es transcultural. Una feminista china, Kwok Pui Lan, al analizar la interacción entre la Biblia y la cultura china, habla de cómo la Biblia se ha utilizado como norma para juzgar a otras culturas y como herramienta de dominación.
546 _aTexto en inglés.
650 7 _aFe
_9531
650 7 _aHermenéutica bíblica
_97333
650 7 _aCristianismo
_922
650 7 _aAntropología cultural y social
_96714
773 0 _tReformed World
_049396
_959542
_gVolumen 44, (número 3, 1994) páginas: 117 - 121
_qpágina: 117
942 _cANA
945 _aCatherine Arias Álvarez - Practicante SENA
999 _c55361
_d55361